000 00952cab a22002295a 4500
001 L160017
008 150113e2016 xxk 000 0 eng d
035 _a(Sirsi) u160017
041 0 _aeng
050 _a624.1513
100 1 _aEdmonds, Clive
245 0 0 _aNot so unpredictable
_h[electronic resource]
260 _aLondon
_bRICS
_c2016
490 _aRICS Building Surveying Journal
_vMay 2016 - June 2016, 11(1)
520 _aChecking records is essential to identify areas that are prone to sinkholes before development starts.
650 2 4 _aSINKING
650 2 4 _aBUILT ENVIRONMENT-BUILDING PATHOLOGY-SUBSIDENCE
690 _aBUILT ENVIRONMENT-BUILDING PATHOLOGY
856 4 0 _uhttps://www.rics.org/Global/BSJ-BCJ%20May-June%202016%20Interactive.pdf
_zView the article free of charge at www.rics.org...
856 4 0 _uhttps://www.rics.org/Global/BSJ-BCJ%20May-June%202016%20Interactive.pdf
_yAvailable free online via Issuu
942 _n0
_2ddc
999 _c85132
_d85132